Quizzes
Events
Quiz Creation
Community
Videos
Private Events
Remove Ads
Sign In
Join for FREE
Feedback
Dark Mode
Quiz Categories
Sports
Geography
Music
Movies
Television
Just For Fun
Miscellaneous
History
Literature
Language
Science
Gaming
Entertainment
Religion
Holiday
For Kids
Quiz Lab
Recent
Popular Today
Quiz Kudos Today
Editor Picks
Curator Picks
Quizzes by...
Day
Popularity
Type
Ratings
Length
Year
Community
Subscriptions
Recent Discussions
Orange Saloon
Badges
Playlists
Quests
Create
Leaderboards
Showdown
Live 5
Trivia Bingo
Activity
Puzzle Library
Sporcle Events
Private Events
Virtual Trivia
Globe League
Become a Host
Pub Owners
SporcleCon
Opinionation
Our Games
Videos
Blog
Mobile Apps
Partnerships
Remove Ads and Go Orange
Feedback
Music
Pop Music
The Beatles
Song
Album
Lyrics
Bands
Singers
Artist
Clip
Rock
Rap
Classical
Billboard
Country Music
Kpop
Taylor Swift
Music
Pop Music
The Beatles
Song
Album
Lyrics
Bands
Singers
Artist
Clip
Rock
Rap
Classical
Billboard
Country Music
Kpop
Taylor Swift
Random Quiz
Search Sporcle
×
Quiz Lab
Quiz Lab
Music
genre
Type in answers that appear in a list
Type in answers that appear in a list
Classic
Best Score? Go Orange.
Heavy Metal Genres By Band Names Stats
Can you name the Genres by band names
By
will1699
10m
34 Questions
840 Plays
840 Plays
840 Plays
Comments
Comments
Give Quiz Kudos
Give Quiz Kudos
-
- Ratings
hide this ad
Replay
Link that replays current quiz
Next Quiz
Link to next quiz in quiz playlist
You Got
0%
They Got
Avg Score
58%
Avg Friend Score
Upgrade to see
Score Distribution
Jump to the score distribution portion of the page
Score
0/34
Timer
10:00
0
Plays Today
Hint
Answer
% Correct
Cannibal Corpse
Death
95.6%
Slayer
Thrash
94.2%
Emperor
Black
89.2%
Korn
Nu
88.2%
Soundgarden
Grunge
80.6%
Dream Theater
Progressive
80%
Motorhead
Speed
77.7%
Candlemass
Doom
74.4%
Motley Crue
Glam
73.2%
Amon Amarth
Viking
71.7%
Killswitch Engage
Metalcore
69.2%
Iced Earth
Power
68.2%
Napalm Death
Grindcore
65.5%
Nightwish
Symphonic
64.2%
Pantera
Groove
63.2%
Finntroll
Folk
62.1%
System Of A Down
Alternative
57.9%
Hint
Answer
% Correct
Children of Bodom
Melodic Death
54.9%
Disturbed
Industrial
54.6%
Suicide Silence
Deathcore
54.3%
Paradise Lost
Gothic
53.1%
Sleep
Stoner
51.9%
The Melvins
Sludge
47.5%
Iron Maiden
New Wave Of British Heavy Metal
46.1%
The Devil Wears Prada
Christian
43%
Rage Against The Machine
Funk
42.1%
Yngwie Malmsteen
Neo Classical
41.3%
Sunn O)))
Drone
40.7%
Behemoth
Blackened Death
34%
Carcass
Extreme
31.9%
The Dillinger Escape Plan
Mathcore
31.9%
Fleshgod Apocalypse
Technical Death
25.4%
HIM
Love
25.1%
Neurosis
Avant Garde
21.1%
Quiz Playlist
Details
Report
Send in Message
Add To Playlist
Classic:
Type in answers that appear in a list
Last Updated: Feb 16, 2017
Quiz Scoreboard
CHALLENGE
Sign Up to Join the Scoreboard
Show All
Scores
Hide
Comments
May contain spoilers
Recently Published
Billboard Blitz: Fleetwood Mac
by CooCooCachoo
Music
15s
Presidents Visiting Landmarks
by Hejman
History
7m
An Introduction to Baseball
by treessimontrees
Sports
5m
More to Explore
Quiz From the Vault
Featured Blog Post
Where Did the Easter Bunny Come From?
hide this ad
You Might Also Like...
Tags
genre
Today's Top Quizzes in Music
Browse Music
hide this ad
Today's Top Quizzes in genre
Browse genre
Top Contributed Quizzes in Music
1
Taylor Swift All Songs (2024)
2
Guess the Artist- 70s Songs
3
7-to-1: Billboard Hot 100 #1 Hits of 2010s
4
Sorting Albums and Songs
5
Taylor Swift Logic Puzzle
6
KPOP LOGIC QUIZ
7
2010s Album by Cover III
8
One Thing in Common: Music
9
Guess the Taylor Swift song (Mystery Song)
10
Guess The Taylor Swift Lyrics Song #1
Explore More
Trending Topics
Harry Potter
NBA
Kpop
Disney
Crossword
Marvel
Anime
Soccer
The Office
Country
WWE
NFL
Song
Pokémon
Puzzle
hide this ad
More By:
will1699
Quiz
Plays
Rating
Category
Featured
Created
Heavy Metal Genres By Band Names
840
2.27
Music
Jan 25, 2014
Name the Metal Band from their singers name
91
3.00
Music
Jan 26, 2014
Go to Creator's Profile
Score Distribution
Quiz Creator Spotlight
will1699
Follow
Send a Message
Quizzes Created
-
Created Quiz Play Count
-
More By This Creator
Popular Quizzes Today
1
Find the US States - No Outlines Minefield
2
Find the Countries of Europe - No Outlines Minefield
3
The Countries of the World
4
Find the US States
5
US States
6
Risky Map Clicking: Biggest States A-Z
7
Popular People in 1961
8
Movies - When Are They Set?
More Music Quizzes
Name the Mitski Song
Quiz Lab
Trending Quizzes
Risky Map Clicking: Least Populous States A-Z
1-10 Letter G Words
1-10 Letter F Words
Risky Map Clicking: Next State Alphabetically
Risky Map Clicking: Biggest States A-Z
Recently Updated
Leaping Animals
pecheneg
Reality TV Shows (A-Z)
bhenderson79
Rickey Henderson's Hall of Fame Teammates
pecheneg
Champions League XIs: Arsenal
pecheneg
Quick Pick: Celebrities in WWE's Hall of Fame
aduchscher
A-Z Keypad Blitz II
pecheneg
Multiple Oscar Actors
pecheneg
Mystery Phrase Blitz: Oscar 'Best Actors'
pecheneg
F. Scott Fitzgerald Novels
LTH
Pick 3 Villains
ddd62291
Trending Topics
NBA
Kpop
Disney
Crossword
Harry Potter
Anime
Marvel
Pokémon
Country
Puzzle
NFL
The Office
WWE
Soccer
Song
Your Account Isn't Verified!
In order to create a playlist on Sporcle, you need to verify the email address you used during registration. Go to your
Sporcle Settings
to finish the process.
Report this User
Report this user for behavior that violates our
Community Guidelines
.
Details:
Send Report
Go to the Sporcle.com Mobile Site →
Comments